| 000 | 00377nam a22001571a 4500 | ||
|---|---|---|---|
| 082 |
_a362.207 _bSNE/M |
||
| 100 | _aSneh Gupta | ||
| 245 |
_aMental hygiene and education/ _cby Sneh Gupta |
||
| 260 |
_aLudhiana: _bParkash, _c |
||
| 300 | _a196p. | ||
| 650 | _aPsychotherapy | ||
| 650 | _aMental Health | ||
| 650 | _aSocial Problem | ||
| 650 | _aSocial Sciences | ||
| 942 | _cBK | ||
| 999 |
_c28682 _d28682 |
||